000 00822cab a2200241 4500
001 WB3431-15
008 090401t1998 xxu||||| |||| 00| 0 eng d
035 _a(Sirsi) u87965
041 _aeng
245 _aInnovation and films boost historic sites
260 _c1998
350 _a0
490 _aFinancial Times
_v10 August 1998, 6
490 _aTimes
_v10 August 1998, 6
490 _aGuardian
_v10 August 1998, 18(4)
520 _aThe opening of new sites of historic interest and their use as backdrops for popular films, have increased the number of visitors, according to a report by the English Tourist Board "English Heritage Monitor". Listings of sites.
650 _aFILMS
650 _aHISTORIC HOUSES
650 _aTOURISM
690 _aECONOMIC AND SOCIAL
942 _n0
948 _c12/08/1998
999 _c55523
_d55523